Aplauz zasiahnutého publika

Bibliographic Details
Main Author: Turzonovová, Božidara, 1942- (Author)
Format: Article
Language:Slovak
PhysicalDescription:Fotogr.
ISSN:0323-2883
Subjects:

MARC

LEADER 00000nab a2200000 a 4500
001 vtls000648619
003 SK-MaSNL
005 20260304095240.0
008 250425c1998 xo 0 slo
015 |a SNBRA1998/01-01274 
035 |a CLN000000814 
035 |a urn:nbn:sk:snk-abdpsu 
035 |a (urnnbn)urn:nbn:sk:snk:ar-001fch 
035 |a (uuid)00dcd6ef-06e9-4a87-994f-83ee3e42d1ea 
040 |a SNKBUCL  |b slo  |c SNKBUCL  |e AACR2 
041 0 |a slo 
044 |a xo  |c SK 
080 |a 792.071.2  |2 1997 
080 |a 791.44.071.2  |2 1997 
080 |a 929 Turzonovová, Božidara  |2 1997 
100 1 |a Turzonovová, Božidara,  |d 1942-  |4 aut  |9 101711 
245 1 0 |a Aplauz zasiahnutého publika  |c Božidara Turzonovová 
300 |b Fotogr. 
600 1 7 |a Turzonovová, Božidara,  |d 1942-  |2 snkbucl  |9 101711 
655 7 |a články z novín a časopisov  |2 snkbucl  |2 snkbucl  |9 267496 
773 0 |t Javisko  |g Roč. 30, č. 1 (1998), s. 25-28  |x 0323-2883 
850 |a Slovenská národná knižnica 
852 |a Slovenská národná knižnica 
954 |a odborná, vedecká literatúra pôvodná (slovenská)  |2 lita 
958 |a article19 
958 |a OND 
958 |a SK 
958 |a BX 
958 |a EUIPO 
992 |a RBX 
999 |c 2831626  |d 2833556